LIBRARY & INFORMATION CENTRE, KCAET, TAVANUR

ONLINE PUBLIC ACCESS CATALOGUE (OPAC)

Geotechnical engineering: Emerging trends in design and practice / (Record no. 7766)

MARC details
000 -LEADER
fixed length control field 00470cam a2200169ua 4500
003 - CONTROL NUMBER IDENTIFIER
control field OSt
008 - FIXED-LENGTH DATA ELEMENTS--GENERAL INFORMATION
fixed length control field 250328b |||||||| |||| 00| 0 eng d
020 ## - INTERNATIONAL STANDARD BOOK NUMBER
ISBN 81-204-0846-2
041 ## - LANGUAGE CODE
Language code of text/sound track or separate title eng
082 ## - DEWEY DECIMAL CLASSIFICATION NUMBER
Classification number 624.1501
Item number SAX/GE
100 ## - MAIN ENTRY--AUTHOR NAME
Personal name Saxena, K R .
245 ## - TITLE STATEMENT
Title Geotechnical engineering: Emerging trends in design and practice /
260 ## - PUBLICATION, DISTRIBUTION, ETC. (IMPRINT)
Place of publication New Delhi :
Name of publisher Oxford & IBH Publishing company ,
Year of publication 1994.
300 ## - PHYSICAL DESCRIPTION
Number of Pages 404 ; .
500 ## - GENERAL NOTE
General note ** Reference
942 ## - ADDED ENTRY ELEMENTS (KOHA)
Koha item type Books
Holdings
Withdrawn status Lost status Damaged status Home library Current library Date acquired Full call number Accession Number Koha item type
      KAUAET KAUAET 07/04/2012 624.1501 SAX/GE 19688 Books
      KAUAET KAUAET 07/04/2012 624.1501 SAX/GE 20059 Books
free website counter